[Event "Norway Chess"]
[Site "Stavanger"]
[Date "28.05.2018"]
[Round "1"]
[White "Carlsen, Magnus"]
[Black "Caruana, Fabiano"]
[Result "1-0"]
[WhiteTitle "GM"]
[BlackTitle "GM"]
[WhiteElo "2843"]
[BlackElo "2822"]
[WhiteFideId "1503014"]
[BlackFideId "2020009"]
[EventDate "2018.05.28"]

1. e4 e5 2. Bc4 Nf6 3. d3 c6 4. Nf3 d5 5. Bb3 Bb4+ 6. Bd2 Bxd2+ 7. Nbxd2 a5 8.
c3 Nbd7 9. exd5 cxd5 10. O-O O-O 11. Re1 Re8 12. Nf1 b5 13. a4 b4 14. cxb4 axb4
15. Ne3 Bb7 16. d4 e4 17. Ne5 Nxe5 18. dxe5 Rxe5 19. Qd4 Re7 20. Rac1 Rd7 21.
Red1 h6 22. Rc5 Ra5 23. Rxa5 Qxa5 24. h3 Kh7 25. Rc1 Rc7 26. Rxc7 Qxc7 27. Qxb4
Qc1+ 28. Bd1 Ba6 29. Qd4 Be2 30. Kh2 Bxd1 31. Nxd1 Qc7+ 32. Kg1 Qc1 33. b4 e3
34. fxe3 Ne4 35. Qxd5 Nd2 36. Qf5+ Kh8 37. Qg4 f5 38. Qe2 Ne4 39. Qe1 Qa1 40. a5
Nd6 41. Qd2 Nc4 42. Qd4 Qc1 43. Kf1 Nxe3+ 44. Qxe3 Qxd1+ 45. Kf2 Qc2+ 46. Kg3 g5
47. Qe5+ Kh7 48. Kh2 f4 49. Qd5 Qa4 50. Qf7+ Kh8 51. Qg6 Qxb4 52. Qxh6+ Kg8 53.
Qxg5+ Kh7 54. Qh5+ Kg7 55. Qg5+ Kh7 56. h4 Qd6 57. Qh5+ Kg7 58. Qg5+ Kh7 59. h5
f3+ 60. g3 f2 61. Qg6+ Kh8 62. Qxd6 f1=Q 63. Qh6+ Kg8 64. Qe6+ Kh8 65. Qe3 Qb5
66. Qc3+ Kh7 67. g4 Qd5 68. Qc7+ Kg8 69. Kg3 Qe6 70. Qd8+ Kh7 71. Qd3+ Kh8 72.
a6 Qe5+ 73. Kh3 Qa1 74. Qd8+ Kh7 75. Qe7+ Kh6 76. Qe3+ Kh7 77. a7 1-0

[Event "Norway Chess"]
[Site "Stavanger"]
[Date "28.05.2018"]
[Round "1"]
[White "So, Wesley"]
[Black "Karjakin, Sergey"]
[Result "1/2-1/2"]
[WhiteTitle "GM"]
[BlackTitle "GM"]
[WhiteElo "2778"]
[BlackElo "2782"]
[WhiteFideId "5202213"]
[BlackFideId "14109603"]
[EventDate "2018.05.28"]

1. Nf3 d5 2. d4 Nf6 3. c4 e6 4. g3 Bb4+ 5. Bd2 Be7 6. Bg2 O-O 7. O-O Nbd7 8. b4
c6 9. a4 Bd6 10. Qc2 e5 11. cxd5 cxd5 12. dxe5 Nxe5 13. Bc3 Re8 14. Nbd2 Nxf3+
15. Bxf3 Bh3 16. Rfc1 Qe7 17. Qb2 Rad8 18. b5 Ne4 19. Nxe4 dxe4 20. Bg2 Bxg2 21.
Kxg2 f6 22. Bd4 Qe6 23. Qa2 Bb8 24. Qxe6+ Rxe6 25. e3 Kf7 26. Ra2 b6 27. Rac2 h5
28. h3 Rh8 29. Kf1 Rd8 30. Ke2 Re7 31. Rc6 Re6 32. R6c4 Re7 33. Bc3 Ree8 34. Bb4
Rd7 35. R1c2 f5 36. Rc1 Be5 37. g4 hxg4 38. hxg4 g6 39. Rg1 Red8 40. Rc6 Rc7 41.
Rxc7+ Bxc7 42. Rh1 Rd7 43. gxf5 gxf5 44. Rh6 Be5 45. f3 exf3+ 46. Kxf3 Rd3 47.
Ke2 Rb3 48. Bd6 Bxd6 49. Rxd6 Rb4 50. Rd7+ Ke6 51. Rxa7 f4 52. Ra6 Kd5 53. exf4
Rxf4 54. Rxb6 Rxa4 55. Ra6 Rxa6 56. bxa6 Kc6 57. a7 Kb7 58. a8=R Kxa8 1/2-1/2

[Event "Norway Chess"]
[Site "Stavanger"]
[Date "28.05.2018"]
[Round "1"]
[White "Anand, Viswanathan"]
[Black "Aronian, Levon"]
[Result "1/2-1/2"]
[WhiteTitle "GM"]
[BlackTitle "GM"]
[WhiteElo "2760"]
[BlackElo "2764"]
[WhiteFideId "5000017"]
[BlackFideId "13300474"]
[EventDate "2018.05.28"]

1. e4 e5 2. Nf3 Nc6 3. Bb5 Nf6 4. d3 Bc5 5. c3 d5 6. Nbd2 O-O 7. O-O Re8 8. exd5
a6 9. Bxc6 bxc6 10. Ne4 Nxe4 11. dxe4 cxd5 12. Qxd5 Qxd5 13. exd5 e4 14. Nd2 e3
15. fxe3 Bxe3+ 16. Kh1 Bg4 17. Nf3 Bxc1 18. Raxc1 Re2 19. b4 Bxf3 20. Rxf3 Rxa2
21. Kg1 Rd2 22. c4 Rb8 23. b5 axb5 24. cxb5 Rxb5 25. Rxc7 Rb1+ 26. Rf1 Rxf1+ 27.
Kxf1 Kf8 28. Rc8+ Ke7 29. Rc7+ Kf8 30. Rc8+ Ke7 31. Rc7+ 1/2-1/2

[Event "Norway Chess"]
[Site "Stavanger"]
[Date "29.05.2018"]
[Round "2"]
[White "Aronian, Levon"]
[Black "So, Wesley"]
[Result "1/2-1/2"]
[WhiteTitle "GM"]
[BlackTitle "GM"]
[WhiteElo "2764"]
[BlackElo "2778"]
[WhiteFideId "13300474"]
[BlackFideId "5202213"]
[EventDate "2018.05.28"]

1. d4 Nf6 2. c4 e6 3. Nf3 d5 4. g3 Be7 5. Bg2 O-O 6. O-O dxc4 7. Qc2 a6 8. a4
Bd7 9. Qxc4 Bc6 10. Bg5 Bd5 11. Qc2 Be4 12. Qd1 h6 13. Bxf6 Bxf6 14. Nc3 Bxf3
15. Bxf3 Qxd4 16. Bxb7 Ra7 17. Bg2 Nd7 18. Ne4 c5 19. Rb1 Qxd1 20. Rfxd1 Rb8 21.
b3 Be7 22. e3 c4 23. bxc4 Rxb1 24. Rxb1 Rc7 25. c5 Nxc5 26. Rc1 f5 27. Nxc5 Rxc5
28. Rb1 Kf7 29. Rb6 a5 30. Bc6 Bd8 31. Ra6 Ke7 32. Kg2 g5 33. h3 Bc7 34. Bb5 Rc3
35. Ra8 Rc2 36. Ra6 h5 37. Rc6 Rxc6 38. Bxc6 h4 39. gxh4 gxh4 40. e4 Kd6 41. Bb7
Ke7 42. Bc6 Kd6 43. Bb7 Ke7 1/2-1/2

[Event "Norway Chess"]
[Site "Stavanger"]
[Date "30.05.2018"]
[Round "3"]
[White "Anand, Viswanathan"]
[Black "Ding, Liren"]
[Result "1/2-1/2"]
[WhiteTitle "GM"]
[BlackTitle "GM"]
[WhiteElo "2760"]
[BlackElo "2791"]
[WhiteFideId "5000017"]
[BlackFideId "8603677"]
[EventDate "2018.05.28"]

1. e4 e5 2. Nf3 Nc6 3. Bb5 a6 4. Ba4 Nf6 5. O-O Be7 6. d3 b5 7. Bb3 d6 8. a3 O-O
9. Nc3 Bg4 10. Be3 Nd4 11. Bxd4 exd4 12. Nd5 c5 13. a4 Be6 14. Nxf6+ Bxf6 15.
Bxe6 fxe6 16. Re1 Qc7 17. e5 dxe5 18. Nd2 c4 19. Qg4 Qc6 20. axb5 axb5 21. Ne4
Be7 22. g3 b4 23. Qe2 c3 24. Rxa8 Rxa8 25. b3 Ra2 26. Rc1 Qe8 27. Qg4 Qf7 28.
Qd1 g6 29. Kg2 Bf8 30. h3 h5 31. Ra1 Ra3 32. Rb1 Ra2 33. Ra1 Ra3 34. Rb1 Ra2 35.
Ra1 Ra3 1/2-1/2

[Event "Norway Chess"]
[Site "Stavanger"]
[Date "01.06.2018"]
[Round "4"]
[White "Karjakin, Sergey"]
[Black "Vachier-Lagrave, Maxime"]
[Result "1-0"]
[WhiteTitle "GM"]
[BlackTitle "GM"]
[WhiteElo "2782"]
[BlackElo "2789"]
[WhiteFideId "14109603"]
[BlackFideId "623539"]
[EventDate "2018.05.28"]

1. d4 Nf6 2. c4 g6 3. Nc3 d5 4. cxd5 Nxd5 5. e4 Nxc3 6. bxc3 Bg7 7. Bc4 c5 8.
Ne2 Nc6 9. Be3 O-O 10. O-O b6 11. dxc5 Qc7 12. Nd4 Ne5 13. Nb5 Qb8 14. Be2 bxc5
15. Rb1 a6 16. Na3 Qc7 17. f4 Rd8 18. Qc2 Ng4 19. Bxg4 Bxg4 20. f5 gxf5 21. Nc4
e6 22. h3 Bh5 23. exf5 exf5 24. Bg5 f4 25. Qf2 f3 26. Bxd8 Rxd8 27. Qh4 fxg2 28.
Rfe1 Bf3 29. Re3 Bc6 30. Rbe1 Rf8 31. Ne5 Bd5 32. Rg3 f6 33. Nd3 Bxa2 34. c4 Qd6
35. Nf4 Qd4+ 36. Kh2 Bxc4 37. Qh6 f5 38. Nh5 1-0

[Event "Norway Chess"]
[Site "Stavanger"]
[Date "01.06.2018"]
[Round "4"]
[White "Anand, Viswanathan"]
[Black "So, Wesley"]
[Result "1/2-1/2"]
[WhiteTitle "GM"]
[BlackTitle "GM"]
[WhiteElo "2760"]
[BlackElo "2778"]
[WhiteFideId "5000017"]
[BlackFideId "5202213"]
[EventDate "2018.05.28"]

1. c4 Nf6 2. Nc3 e5 3. Nf3 Nc6 4. g3 d5 5. cxd5 Nxd5 6. Bg2 Nb6 7. O-O Be7 8. d3
O-O 9. Be3 Be6 10. Rc1 Nd5 11. Nxd5 Bxd5 12. Qc2 Re8 13. a3 a5 14. Qa4 Bd6 15.
Ng5 Bxg2 16. Qc4 Qe7 17. Kxg2 Nd4 18. Ne4 Ne6 19. Qd5 f5 20. Nxd6 Qxd6 21. Qxb7
Rab8 22. Qf3 f4 23. Bd2 Nd4 24. Qe4 Rxb2 25. Bxf4 Nxe2 26. Rc6 Nxf4+ 27. gxf4
Qd7 28. Qc4+ Kh8 29. fxe5 Rc2 30. Qxc2 Qg4+ 31. Kh1 Qf3+ 32. Kg1 Rxe5 33. Rc5
Qg4+ 34. Kh1 Qf3+ 35. Kg1 Qg4+ 1/2-1/2

[Event "Norway Chess"]
[Site "Stavanger"]
[Date "02.06.2018"]
[Round "5"]
[White "Carlsen, Magnus"]
[Black "Anand, Viswanathan"]
[Result "1/2-1/2"]
[WhiteTitle "GM"]
[BlackTitle "GM"]
[WhiteElo "2843"]
[BlackElo "2760"]
[WhiteFideId "1503014"]
[BlackFideId "5000017"]
[EventDate "2018.05.28"]

1. c4 c5 2. Nf3 Nc6 3. d4 cxd4 4. Nxd4 Nf6 5. Nc3 e6 6. a3 Be7 7. e4 O-O 8. Nf3
Qa5 9. Bd2 Qh5 10. Be2 d5 11. cxd5 exd5 12. exd5 Nxd5 13. O-O Nf6 14. Nd4 Qc5
15. Nxc6 Qxc6 16. Bf3 Qa6 17. Re1 Be6 18. Qe2 Qxe2 19. Nxe2 Bg4 20. Bxg4 Nxg4
21. h3 Ne5 22. Nf4 Nc6 23. Nd5 Bd6 24. Bc3 f6 25. Rad1 Rad8 26. Rd2 Kf7 27. Red1
Bb8 28. Kf1 Rfe8 29. Nb4 Rxd2 30. Rxd2 Bf4 31. Rd1 Rd8 32. Rxd8 Nxd8 33. Ke2 Bd6
34. Nc2 Nc6 35. Nd4 Nxd4+ 36. Bxd4 a6 37. Kd3 Ke6 38. Be3 Kd5 39. f3 b5 40. Bd2
f5 41. Be1 g6 42. Bd2 Be7 43. Be1 Bd6 44. Bd2 Be7 45. Be1 1/2-1/2

[Event "Norway Chess"]
[Site "Stavanger"]
[Date "02.06.2018"]
[Round "5"]
[White "Caruana, Fabiano"]
[Black "Karjakin, Sergey"]
[Result "1-0"]
[WhiteTitle "GM"]
[BlackTitle "GM"]
[WhiteElo "2822"]
[BlackElo "2782"]
[WhiteFideId "2020009"]
[BlackFideId "14109603"]
[EventDate "2018.05.28"]

1. c4 Nf6 2. Nc3 e5 3. Nf3 Nc6 4. e3 Bb4 5. Qc2 Bxc3 6. Qxc3 Qe7 7. b3 O-O 8.
Bb2 Re8 9. a3 a5 10. h3 b6 11. Be2 Bb7 12. O-O d5 13. cxd5 Nxd5 14. Qc2 e4 15.
Nh2 Qg5 16. f4 exf3 17. Nxf3 Qg3 18. Rf2 Rad8 19. Bc4 Nf6 20. Bxf6 gxf6 21. Raf1
Rd6 22. b4 axb4 23. axb4 Re7 24. b5 Ne5 25. Nd4 Bc8 26. Kh1 Kg7 27. Be2 Kh8 28.
Qc3 Kg7 29. Bd1 Kg8 30. Bc2 Qh4 31. Rf4 Qg3 32. Bf5 Bb7 33. Be4 Bc8 34. Qa3 Kg7
35. Qa8 Bxh3 36. gxh3 Qxh3+ 37. Kg1 Rxd4 38. Bg2 Qg3 39. Rxd4 Ng4 40. Rf3 Qe1+
41. Bf1 1-0

[Event "Norway Chess"]
[Site "Stavanger"]
[Date "03.06.2018"]
[Round "6"]
[White "So, Wesley"]
[Black "Carlsen, Magnus"]
[Result "1-0"]
[WhiteTitle "GM"]
[BlackTitle "GM"]
[WhiteElo "2778"]
[BlackElo "2843"]
[WhiteFideId "5202213"]
[BlackFideId "1503014"]
[EventDate "2018.05.28"]

1. d4 d5 2. c4 c6 3. cxd5 cxd5 4. Bf4 Nf6 5. Nc3 Nc6 6. Nf3 a6 7. Rc1 Bf5 8. e3
Rc8 9. Be2 e6 10. O-O Nd7 11. Na4 Be7 12. h3 O-O 13. a3 Na5 14. Nc5 Nc4 15. b4
Nxc5 16. dxc5 Nxa3 17. Nd4 Be4 18. f3 Bg6 19. Qb3 Nc4 20. Bxc4 dxc4 21. Qxc4 Qe8
22. Bg3 e5 23. Nb3 Bd8 24. Qd5 Qb5 25. Bxe5 Be7 26. Qd2 Rfd8 27. Bd6 Bf6 28. e4
h6 29. Nd4 Bxd4+ 30. Qxd4 Re8 31. Rfe1 Kh7 32. g4 f6 33. f4 Qc6 34. f5 Bf7 35.
h4 Ra8 36. Rc2 a5 37. g5 Bh5 38. g6+ Kh8 39. b5 Qxb5 40. Rb2 Qc6 41. Rb6 Qc8 42.
Qd5 a4 43. Rxb7 Rg8 44. c6 1-0

[Event "Norway Chess"]
[Site "Stavanger"]
[Date "05.06.2018"]
[Round "7"]
[White "Karjakin, Sergey"]
[Black "Aronian, Levon"]
[Result "1/2-1/2"]
[WhiteTitle "GM"]
[BlackTitle "GM"]
[WhiteElo "2782"]
[BlackElo "2764"]
[WhiteFideId "14109603"]
[BlackFideId "13300474"]
[EventDate "2018.05.28"]

1. d4 Nf6 2. c4 e6 3. Nf3 d5 4. Nc3 Bb4 5. Bg5 h6 6. Bxf6 Qxf6 7. Qa4+ Nc6 8. e3
O-O 9. Be2 dxc4 10. O-O Bd7 11. Bxc4 Bxc3 12. bxc3 Rfd8 13. Qa3 Qe7 14. Qxe7
Nxe7 15. Rab1 b6 16. Ne5 Be8 17. e4 Nc8 18. f3 Nd6 19. Be2 Kf8 20. Kf2 Rac8 21.
Nd3 Nb7 22. Nf4 c5 23. Ba6 Rc7 24. Bxb7 Rxb7 25. dxc5 Rd2+ 26. Kg3 Rxa2 27. cxb6
Rxb6 28. Rxb6 axb6 29. c4 b5 30. cxb5 g5 31. Nd3 Bxb5 32. Rf2 Rxf2 33. Nxf2 f5
34. exf5 exf5 35. h4 f4+ 36. Kg4 Bf1 37. hxg5 hxg5 38. Kxg5 Bxg2 39. Kxf4 Bxf3 1/2-1/2